000 00649nam a2200241Ia 4500
003 OSt
005 20221007111512.0
006 a|||||r|||| 00| 0
007 ta
008 221006b |||||||| |||| 00| 0 eng d
024 _a23,691
037 _cTextual
040 _aLCO
_cLCO
_beng
041 _2eng
_aeng
082 _aX61;1:55qN68, L0
100 _aSethi Krishan Lal
_9246346
245 0 _aGold (Control) Act,1968
260 _aIndore
_bThe Lawyers Home India
_c1970
300 _avarious
650 _aGOLD CONTROL
_9702508
942 _hX61;1:55qN68, L0
_cTEXL
999 _c1193254
_d1193254